| 000 | 00935nas a2200313 4500 | ||
|---|---|---|---|
| 001 | BR0804124 | ||
| 003 | BR-BrBNA | ||
| 005 | 20231205111749.0 | ||
| 007 | ta | ||
| 008 | 230509b bl.|||p| |||| 00| 00por d | ||
| 040 |
_aBR-BrBNA _bpor _cBiblioteca Nacional de Agricultura |
||
| 041 | _a(Pt) | ||
| 072 | _aL72 | ||
| 100 | 1 | _aTeixeira, M.N. | |
| 100 | 1 | _aOliveira, J.B. | |
| 100 | 1 | _aCarneiro, A.S. | |
| 100 | 1 | _aLima, E.R. | |
| 100 | 1 | _aPereira, M.F. | |
| 100 | 1 | _aRêgo, E.W. | |
| 100 | 1 | _aSilva, T.L.A. | |
| 245 | 1 | _aAchados da urinálise de felinos naturalmente parasitados por Pearsonema feliscati na cidade do Recife, estado de Pernambuco, Brasil | |
| 650 | _aPARASITO | ||
| 650 | _aURINA | ||
| 650 | _aGATO | ||
| 650 | _aRECIFE | ||
| 773 | 0 |
_tA Hora Veterinária (Brazil) _xISSN 0101-9163 _g(Sep-Oct 2006), v. 26(153) p. 39-41 _wBR0804124 |
|
| 909 |
_a202311 _bLúcia _c55 _dLúcia Elande |
||
| 942 |
_2AGRIS _n0 _cANA |
||
| 999 |
_c194370 _d194370 |
||